Descubrimiento de un busto humano en los ojos de la Virgen de Guadalupe / (Registro nro. 66712)
[ vista simple ]
| 000 -LEADER | |
|---|---|
| fixed length control field | 01053cam a2200277 i 4500 |
| 001 - CONTROL NUMBER | |
| control field | 66712 |
| 003 - CONTROL NUMBER IDENTIFIER | |
| control field | Mx-PuUPA |
| 005 - DATE AND TIME OF LATEST TRANSACTION | |
| control field | 20230411135643.0 |
| 008 - FIXED-LENGTH DATA ELEMENTS--GENERAL INFORMATION | |
| fixed length control field | 140415s1980 mx a gr 000 0 spa d |
| 040 ## - CATALOGING SOURCE | |
| Original cataloging agency | MX-PuUPA |
| Language of cataloging | spa |
| Description conventions | rda |
| Transcribing agency | Mx-PuUPA |
| Modifying agency | Mx-PuUPA |
| 041 0# - LANGUAGE CODE | |
| Language code of text/sound track or separate title | spa |
| 245 10 - TITLE STATEMENT | |
| Title | Descubrimiento de un busto humano en los ojos de la Virgen de Guadalupe / |
| Statement of responsibility, etc. | por Carlos Salinas y Manuel de la Mora. |
| 250 ## - EDITION STATEMENT | |
| Edition statement | Segunda edición |
| 264 #1 - PRODUCTION, PUBLICATION, DISTRIBUTION, MANUFACTURE, AND COPYRIGHT NOTICE | |
| Place of production, publication, distribution, manufacture | México : |
| Name of producer, publisher, distributor, manufacturer | Editorial Tradición, |
| Date of production, publication, distribution, manufacture, or copyright notice | 1980 |
| 300 ## - PHYSICAL DESCRIPTION | |
| Extent | 143 páginas : |
| Other physical details | ilustraciones ; |
| Dimensions | 23 cm. |
| 336 ## - CONTENT TYPE | |
| Content type term | texto |
| Fuente | rdacontent |
| Content type code | txt |
| 337 ## - MEDIA TYPE | |
| Media type term | sin mediación |
| Source | rdamedia |
| Media type code | n |
| 338 ## - CARRIER TYPE | |
| Carrier type term | volumen |
| Source | rdacarrier |
| Carrier type code | nc |
| 500 ## - GENERAL NOTE | |
| General note | "Dictámenes médicos, carta a S.S. Paulo VI, Carta a las altas autoridades eclesiásticas de México". --Portada. |
| 650 #7 - SUBJECT ADDED ENTRY--TOPICAL TERM | |
| Topical term or geographic name entry element | Virgen de Guadalupe |
| General subdivision | Apariciones y milagros |
| 700 1# - ADDED ENTRY--PERSONAL NAME | |
| Personal name | Salinas, Carlos, |
| Relator term | autor |
| 9 (RLIN) | 366 |
| 700 1# - ADDED ENTRY--PERSONAL NAME | |
| Personal name | Mora, Manuel de la, |
| Relator term | autor |
| 9 (RLIN) | 367 |
| 942 ## - ADDED ENTRY ELEMENTS (KOHA) | |
| Classification part | 232.917 |
| Item part | D445 |
| Koha item type | Libro |
| Source of classification or shelving scheme | Dewey Decimal Classification |
| Withdrawn status | Lost status | Source of classification or shelving scheme | Damaged status | Not for loan | Collection code | Home library | Current library | Shelving location | Date acquired | Source of acquisition | Total Checkouts | Full call number | Barcode | Date last seen | Price effective from | Koha item type |
|---|---|---|---|---|---|---|---|---|---|---|---|---|---|---|---|---|
| Dewey Decimal Classification | General | Biblioteca Karol Wojtyla | Biblioteca Karol Wojtyla | Sala general | 28/02/2017 | Compra | 232.917 D445 1980 | 94681 | 05/01/2026 | 28/02/2017 | Libro |